[Event "Pontevedra U1600 op 1st"]
[Site "Pontevedra"]
[Date "2017.07.01"]
[Round "2.8"]
[White "Castro Gandara, David"]
[Black "Martinez Nunez, Emilio"]
[Result "1-0"]
[WhiteElo "1287"]
[BlackElo "1040"]
[PlyCount "79"]
[EventDate "2017.07.01"]
[EventType "swiss"]
[EventRounds "6"]
[EventCountry "ESP"]
[SourceTitle "EXT 2024"]
[Source "ChessBase"]
[SourceDate "2023.10.10"]
[SourceVersion "1"]
[SourceVersionDate "2023.10.10"]
[SourceQuality "1"]

1. d4 d5 2. c4 c6 3. Nc3 Nf6 4. Bg5 e6 5. Nf3 Nbd7 6. e3 Be7 7. Bd3 0-0 8. 0-0 c5 9. cxd5 Nxd5 10. Bxe7 Qxe7 11. Nxd5 exd5 12. Re1 Nf6 13. Qc2 Ne4 14. Ne5 b6 15. Bxe4 dxe4 16. Qxe4 Bb7 17. Qd3 Qg5 18. f3 h5 19. Qe2 h4 20. h3 Rfe8 21. Ng4 cxd4 22. Rad1 dxe3 23. Nxe3 Re7 24. Qf2 Rae8 25. Ng4 f5 26. Rxe7 Rxe7 27. Nh2 Ba6 28. f4 Qg6 29. Qxh4 Re2 30. g4 Qc6 31. Qd8+ Re8 32. Qd5+ Qe6 33. Qxe6+ Rxe6 34. gxf5 Rf6 35. Rd5 Bc4 36. Rd8+ Kh7 37. b3 Bf7 38. Nf3 Bh5 39. Ng5+ Kh6 40. Rh8# 1-0